Diccionario de términos históricos de España: Prehistoria, Historia Antigua, Medieval, Moderna, Contemporánea y de la América precolombina y colonial

Uloženo v:
Podrobná bibliografie
Hlavní autor: Romero Saiz, Miguel (Autor)
Médium: Kniha
Jazyk:španělština
Vydáno: Cuenca Aldebarán 2009
Témata:
Tagy: Přidat tag
Žádné tagy, Buďte první, kdo vytvoří štítek k tomuto záznamu!

MARC

LEADER 00000nam a2200000 a 4500
001 UCG6164
003 CL-VaPUC
005 20210521001552.0
008 110407e20090000SP |||||||||||||||||spa|d
999 |c 344440  |d 344438 
020 |a 9788495414625 
040 |c Pontificia Universidad Católica de Valparaíso 
082 0 4 |a 903 ROM 2009  |2 21 
100 0 |a Romero Saiz, Miguel  |e author  |9 556178 
245 1 0 |a Diccionario de términos históricos de España:  |b  Prehistoria, Historia Antigua, Medieval, Moderna, Contemporánea y de la América precolombina y colonial 
260 |a Cuenca  |b Aldebarán  |c 2009 
300 |a 532 páginas 
583 |a last modification  |c 20110407 00:00:00  |k Rodrigo Vera 
650 7 |a DICCIONARIOS HISTORICOS  |2 CL-VaPUC  |9 556179 
650 0 |a Historia de España  |x DICCIONARIOS  |9 315435 
650 0 |a Historia de América  |x DICCIONARIOS  |9 266076 
942 |c BK  |2 ddc 
945 |d 20110407 00:00:00  |a jcampos 
952 |0 0  |1 0  |2 ddc  |4 0  |6 903_000000000000000_ROM_2009  |7 0  |8 X  |9 442410  |a BIBHIS  |b BIBHIS  |d 2019-11-22  |i 4764374  |o 903 ROM 2009  |p 4764374  |r 2024-01-30  |t 1  |w 2019-11-22  |y BK_X  |k HIS